| 000 | 00511nem a22001697a 4500 | ||
|---|---|---|---|
| 003 | BCEG | ||
| 005 | 20260129145937.0 | ||
| 008 | 260129r1990 mx ||||| |b|||||||0 spa|d | ||
| 020 | _a9683615864 (Obra completa) | ||
| 040 |
_aBCEG _bspa _cBCEG |
||
| 245 | 0 | 0 |
_aAtlas Nacional de México _h[Mapa]. |
| 250 | _aEscalas varian. | ||
| 260 |
_aMéxico : _bUniversidad Nacional Autónoma de México, Instituto de Geografía, _c1990. |
||
| 300 |
_a1 atlas (3 v.) : _bil., col. |
||
| 650 |
_aAtlas _zMéxico. |
||
| 942 | _cMP | ||
| 999 |
_c437069 _d437069 |
||